000 00726nam a2200253Ia 4500
003 OSt
005 20220928125836.0
006 a|||||r|||| 00| 0
007 ta
008 220927b |||||||| |||| 00| 0 eng d
020 _cINR 399.00
024 _a138141
037 _b102, 15/03/2018, Eastern Media
_cTextual
040 _aSDCL
_cSDCL
_beng
041 _2eng
_aeng
082 _aO-,2WIL, N9 LR
100 _aWilliams Tennessce
_9471812
245 0 _aGlass menagerie
260 _aLondon
_bPenguin Books
_c2009
300 _axviii,94p.
_ccm.
650 _aReference
942 _hO-,2WIL, N9 LR
_cTEXL
_2CC
999 _c784387
_d784387